Transgenic plants (Record no. 31850)
[ view plain ]
| 000 -LEADER | |
|---|---|
| fixed length control field | 02422nam a2200397 a 4500 |
| 082 04 - DEWEY DECIMAL CLASSIFICATION NUMBER | |
| Classification number | 632/.8 |
| 245 00 - TITLE STATEMENT | |
| Title | Transgenic plants |
| 260 ## - PUBLICATION, DISTRIBUTION, ETC. (IMPRINT) | |
| Place of publication | New York : |
| Name of publisher | Nova Science Publishers, |
| Year of publication | 2012. |
| 300 ## - PHYSICAL DESCRIPTION | |
| Number of Pages | xi, 143 p. : |
| Other physical details | ill. (some col.). |
| 490 1# - SERIES STATEMENT | |
| Series statement | Botanical research and practices |
| Series statement | Genetics--research and issues |
| 505 0# - FORMATTED CONTENTS NOTE | |
| Formatted contents note | Plant leaf decomposition, DNA release, persistence and transfer into the environment / John Pot�e, Walter Wildi -- Establishment of light formula and light environmental management strategy for high-efficient plant cultivation with artificial light sources / Wenke Liu ... [et al.] -- Harvest-inducible genes and promoters in alfalfa / Jian Zhang, Larry R. Erickson -- Toxic impacts of three veterinary antibiotics on seed germination and growth as well as nutritional quality of vegetables / Lian Feng Du ... [et al.] -- Growth responses of Bt and non-Bt cottons to soil phosphorus, copper and cadmium levels / Lianfeng Du ... [et al.] -- The application of site-specific recombination systems for biosafety and genome manipulation in the production of transgenic plants / Yuan-Yeu Yau, Ludmila Tyler -- Amplification of small interfering RNAs in transgenic plants / Hiroaki Kodama ... [et al.]. |
| 650 #0 - SUBJECT ADDED ENTRY--TOPICAL TERM | |
| Topical Term | Transgenic plants. |
| Topical Term | Transgenic plants |
| Topical Term | Plant genetic engineering. |
| 700 1# - ADDED ENTRY--PERSONAL NAME | |
| Personal name | Zhu, Shen Yao. |
| Personal name | Hu, Jiang Lo. |
| 856 40 - ELECTRONIC LOCATION AND ACCESS | |
| Uniform Resource Identifier | http://site.ebrary.com/lib/rucke/Doc?id=10683489 |
No items available.
